000 00471nam a2200133 4500
999 _c8639
_d8639
008 180214b xxu||||| |||| 00| 0 eng d
082 _aDPer 050 Dec 2015-Mar 2016 T48 v186-187
100 _926487
_aZoglin, Richard.
245 _aFrom hair to bowie:
_bthe rock invasion heats up/
_cRichard Zoglin.
260 _aNew York :
_bTime Inc.,
_c©Dec 2015-Mar 2016.
300 _av187 n1, pages 44-45:
_billustrations;
_c27 cm.
650 0 _926488
_aMusic.
942 _2ddc
_cPER